000 00441nam a2200157Ia 4500
005 20250520005343.0
008 240331s9999 xx 000 0 und d
020 _a9552108853
082 _a302.22
_bATH
100 _aAthugala, A
245 0 _aSanjananaya ha sannivedanaya
260 _aNugegoda
_bM.D.Gunasena Books
_c1998
300 _aVii, 273 p .,
500 _aA book on Perception and Communication - Visual Media Research
942 _cL
999 _c1129
_d1129